|
|
|
|
| LEADER |
01200nam a2200289 a 4500 |
| 001 |
4817004 |
| 008 |
100214s2009 nyua b 001 0 eng d |
| 010 |
|
|
|a 89013462
|
| 020 |
|
|
|a 9780070077522
|
| 020 |
|
|
|a 0070077525
|
| 020 |
|
|
|a 0070253897
|
| 040 |
|
|
|a DLC
|c DLC
|d DLC
|d BD-DhAA
|
| 082 |
0 |
0 |
|a 621.382/5
|2 20
|
| 100 |
1 |
|
|a Ha, Tri T.,
|d 1949-
|
| 245 |
1 |
0 |
|a Digital satellite communications /
|c Tri T. Ha.
|
| 250 |
|
|
|a 2nd ed.
|
| 260 |
|
|
|a New York :
|b McGraw-Hill, ;
|a New Delhi :
|b TaTa McGraw-Hill,
|c 2009
|
| 300 |
|
|
|a xxv, 641 p. :
|b ill. ;
|c 24 cm.
|
| 490 |
0 |
|
|a McGraw-Hill communications series
|
| 504 |
|
|
|a Includes bibliographical references and index.
|
| 541 |
1 |
|
|e 00019800
|
| 650 |
|
0 |
|a Artificial satellites in telecommunication.
|
| 650 |
|
0 |
|a Digital communications.
|
| 852 |
4 |
|
|a Ayesha Abed Library
|j General shelf
|
| 999 |
|
|
|c 7509
|d 7509
|
| 952 |
|
|
|0 0
|1 0
|2 ddc
|4 0
|6 621_382500000000000_HAT_2009
|7 0
|9 8092
|a BRACUL
|b BRACUL
|c GEN
|d 2010-02-15
|l 3
|m 1
|o 621.3825 HAT
|p 3010019800
|r 2017-01-01
|s 2016-09-01
|t 1
|w 2010-02-15
|y BK
|
| 952 |
|
|
|0 0
|1 0
|2 ddc
|4 0
|6 621_382500000000000_HAT_2009
|7 0
|9 8096
|a BRACUL
|b BRACUL
|c GEN
|d 2010-02-15
|l 6
|m 15
|o 621.3825 HAT
|p 3010019799
|r 2024-10-07
|s 2024-09-19
|t 2
|w 2010-02-15
|y BK
|